01310nam a2200289 i 4500001000300000100001900003245018400022260006200206300003500268490008500303500010400388504002600492546001900518650003600537650003400573650003400607830008600641830005500727830004500782022001300827040000800840041001300848044000800861080001200869008004100881856009800922bg1 aWasiak, Irena.10aSterowanie jakością energii elektrycznej w elektroenergetycznych sieciach rozdzielczych z wykorzystaniem półprzewodnikowych kompensatorów równoległych /cIrena Wasiak. aŁódź :bWydawnictwo Politechniki Łódzkiej,c2006. a152 s. :brys., wykr. ;c24 cm1 aZeszyty Naukowe / Politechnika Łódzka. Rozprawy Naukowe,x0137-4834 ;vz. 352 aNumer serii gł.: 983. Na s. red. odmienny tytuł serii : Zeszyty Naukowe Politechniki Łódzkiej. aBibliogr. s. 137-148. aStreszcz. ang. 9aEnergia elektrycznaxjakość 9aSieć elektrycznaxregulacja 9aElektroenergetykaxsterowanie 0aZeszyty Naukowe - Politechnika Łódzka.pRozprawy Naukowe,x0137-4834 ;vz. 352 0aZeszyty Naukowe (Politechnika Łódzka) ;vnr 983 0aZeszyty Naukowe Politechniki Łódzkiej a01374834 cBPK0 apolbeng aPOL a621.316 s pl f |000 0 pol  uhttp://koha.tu.koszalin.pl/cgi-bin/koha/opac-detail.pl?biblionumber=54189yKatalog online BPK